000 00467nam a2200193 a 4500
001 1757999702883
003 ACL
005 20250916105538.0
008 250916s2010##################000#0#eng##
020 _a9781405190039
082 0 4 _a791.43658
_bMIN
100 1 _aMintz, Steven,
_eauthor.
245 1 0 _aHollywood's America :
260 _bJohn Wiley & Sons,
_c2010.
300 _a417 pages
650 0 _aHistory.
942 _cENGLISH
040 _aACL
_beng
_cACL
999 _c587292
_d587292